Стагнация избирательных систем; Векторы благополучия: экономика и социум; № 2 (37)
| Parent link: | Векторы благополучия: экономика и социум: электронный научный журнал/ Томский политехнический университет (ТПУ).— , 2019-.— 2658-4956 № 2 (37).— 2020.— [С. 97-105] |
|---|---|
| Hlavní autor: | |
| Korporativní autor: | |
| Shrnutí: | Заглавие с титульного листа Обосновывается необходимость создания эффективной избирательной системы как регулирующего механизма государственного управления. Приведены признаки неэффективности всеобщих равных прямых выборов с минимальным количеством цензов пассивного и активного избирательного права. Показано отсутствие развития избирательных систем; представлены аргументы необходимости их развития с позиции теории автоматического управления. Предложены направления возможного совершенствования избирательных систем. The paper substantiates the need to create an open electoral system as a regulatory mechanism for public administration and introduces the signs of ineffectiveness of universal equal votes of voters. The lack of development of electoral systems is shown; the arguments for the necessity of their development are presented. The author has proposed the directions of possible improvement of electoral systems. |
| Jazyk: | ruština |
| Vydáno: |
2020
|
| Edice: | Гуманитарные науки |
| Témata: | |
| On-line přístup: | http://earchive.tpu.ru/handle/11683/64192 https://doi.org/10.18799/26584956/2020/2(37)/1001 |
| Médium: | MixedMaterials Elektronický zdroj Kapitola |
| KOHA link: | https://koha.lib.tpu.ru/cgi-bin/koha/opac-detail.pl?biblionumber=585649 |
MARC
| LEADER | 00000naa2a2200000 4500 | ||
|---|---|---|---|
| 001 | 585649 | ||
| 005 | 20231102022205.0 | ||
| 035 | |a (RuTPU)RU\TPU\prd\288105 | ||
| 035 | |a RU\TPU\prd\288088 | ||
| 090 | |a 585649 | ||
| 100 | |a 20200917a2020 k y0rusy50 ca | ||
| 101 | 0 | |a rus |d eng | |
| 102 | |a RU | ||
| 135 | |a drgn ---uucaa | ||
| 181 | 0 | |a i | |
| 182 | 0 | |a b | |
| 200 | 1 | |a Стагнация избирательных систем |d Stagnation of electoral systems |f А. Н. Чудинов | |
| 203 | |a Текст |c электронный | ||
| 215 | |a 1 файл(675 Кб) | ||
| 225 | 1 | |a Гуманитарные науки | |
| 230 | |a Электронные текстовые данные (1 файл: 675 Кб) | ||
| 300 | |a Заглавие с титульного листа | ||
| 320 | |a [Библиогр.: с. 103 (14 назв.)] | ||
| 330 | |a Обосновывается необходимость создания эффективной избирательной системы как регулирующего механизма государственного управления. Приведены признаки неэффективности всеобщих равных прямых выборов с минимальным количеством цензов пассивного и активного избирательного права. Показано отсутствие развития избирательных систем; представлены аргументы необходимости их развития с позиции теории автоматического управления. Предложены направления возможного совершенствования избирательных систем. | ||
| 330 | |a The paper substantiates the need to create an open electoral system as a regulatory mechanism for public administration and introduces the signs of ineffectiveness of universal equal votes of voters. The lack of development of electoral systems is shown; the arguments for the necessity of their development are presented. The author has proposed the directions of possible improvement of electoral systems. | ||
| 461 | 1 | |0 (RuTPU)RU\TPU\prd\284246 |x 2658-4956 |t Векторы благополучия: экономика и социум |o электронный научный журнал |f Томский политехнический университет (ТПУ) |d 2019- | |
| 463 | 1 | |0 (RuTPU)RU\TPU\prd\288065 |t № 2 (37) |v [С. 97-105] |d 2020 | |
| 510 | 1 | |a Stagnation of electoral systems |z eng | |
| 610 | 1 | |a электронный ресурс | |
| 610 | 1 | |a избирательные системы | |
| 610 | 1 | |a эффективное управление | |
| 610 | 1 | |a избирательные права | |
| 610 | 1 | |a стагнация | |
| 610 | 1 | |a регулирующие механизмы | |
| 610 | 1 | |a государственное управление | |
| 610 | 1 | |a автоматические системы | |
| 610 | 1 | |a electoral system | |
| 610 | 1 | |a effective government | |
| 610 | 1 | |a unequal suffrage | |
| 610 | 1 | |a electoral qualification | |
| 700 | 1 | |a Чудинов |b А. Н. |g Александр Николаевич | |
| 712 | 0 | 2 | |a Омский государственный технический университет |c (1993- ) |2 stltpush |3 (RuTPU)RU\TPU\col\394 |9 23393 |
| 801 | 2 | |a RU |b 63413507 |c 20210114 |g RCR | |
| 856 | 4 | |u http://earchive.tpu.ru/handle/11683/64192 | |
| 856 | 4 | |u https://doi.org/10.18799/26584956/2020/2(37)/1001 | |
| 942 | |c BK | ||